书目信息 |
| 题名: |
林肯
|
|
| 作者: | 李思贲 编著 | |
| 分册: | ||
| 出版信息: | 沈阳 辽海出版社 1998.10 |
|
| 页数: | 244页 | |
| 开本: | 32开 | |
| 丛书名: | ||
| 单 册: | ||
| 中图分类: | K837.127 | |
| 科图分类: | ||
| 主题词: | 历史 , 地理 | |
| 电子资源: | ||
| ISBN: | 7-80638-761-7 | |
| 000 | 00535nam0 2200205 45 | |
| 001 | 0105210957 | |
| 005 | 20010521093637.4 | |
| 010 | @a7-80638-761-7@d13.00元 | |
| 100 | @a20010521d1998 km y0chiy0120 ea | |
| 101 | 0 | @achi |
| 105 | @a z 000yy | |
| 200 | 1 | @a林肯@ALin Ken@f李思贲编著@FLi Si Ben Bian Zhu |
| 210 | @a沈阳@c辽海出版社@d1998.10 | |
| 215 | @a244页@d32开 | |
| 606 | 0 | @a历史 |
| 606 | 0 | @a地理 |
| 690 | @aK837.127@v3 | |
| 701 | 0 | @a李思贲@4编著 |
| 801 | @aCN@bPftUser@c20010521 | |
| 905 | @f5@b343079-083@dK837.127@eL044 | |
| 林肯/李思贲编著.-沈阳:辽海出版社,1998.10 |
| 244页;32开 |
| ISBN 7-80638-761-7:13.00元 |
| ● |
| 相关链接 |
|
|
|
正题名:林肯
索取号:K837.127/L044
 
预约/预借
| 序号 | 登录号 | 条形码 | 馆藏地/架位号 | 状态 | 备注 |
| 1 | 343079 | 203430796 | 社科库309/309社科库 5排4列6层/ [索取号:K837.127/L044] | 在馆 | |
| 2 | 343080 | 203430803 | 自科二线404/309社科库 8排4列3层/ [索取号:K837.127/L044] | 在馆 | |
| 3 | 343081 | 203430812 | 自科二线404/309社科库 8排4列3层/ [索取号:K837.127/L044] | 在馆 | |
| 4 | 343082 | 203430821 | 自科二线404/400A自科库 16排2列4层/ [索取号:K837.127/L044] | 在馆 | |
| 5 | 343083 | 203430830 | 社科库309/309社科库 5排4列6层/ [索取号:K837.127/L044] | 在馆 |